=LDR 00000nam 2200000 4500 =001 NUTBA000000000002556 =005 20140619153208.0 =006 =007 =008 =020 ##$$a 979-686-901-2 =035 ##$$a 0010-061400000000499 =082 ##$$a 2x5.2-Kri-m =100 ##$$a Masnawi =245 ##$$a Bersama Jalaluddin Rumi menggapai kebijaksanaan =260 ##$$a Jakarta $b Gramedia Pustaka Utama $c 2001 =300 ##$$a xi,339 hlm $c 19 cm =850 ##$$a nbpnmat =990 ##$$a 21400613/BPAP-NTB/20142014